000 01039nmm a2200313 a 4500
001 ocm0002348209
003 TR-IsHL
005 20201028190029.0
008 191222s2019 tu tur
007 cr cn
020 _a9786052815755
035 _a2348209
_b(N$T)
050 0 4 _aBP63.T8
_b.S47 2019
090 0 4 _aBP63.T8
_b.S47 2019
100 1 _aSesli, Mutlu
245 1 0 _aİngiltere, Fransa, Amerika Birleşik Devletleri ve Türkiye'de laiklik uygulamaları
_h[electronic resource] /
_cMutlu Sesli
250 _a1. Baskı
260 _aİstanbul :
_bHiperyayın,
_c2019
300 _a416 p.
500 _aKaynakça sayfa ; 371
650 4 _aFelsefe, Psikoloji ve Din
650 4 _aPhilosophy, Psychology and Religion
650 0 _aLaiklik
_x Tarih
650 0 _aLaicism
_x History
650 0 _aDin ve devlet
650 0 _aReligion and state
650 7 _aSOCIAL SCIENCE / Sociology of Religion
_2bisacsh
856 4 0 _uhttp://search.ebscohost.com/login.aspx?direct=true&scope=site&db=e011xww&AN=2348209
999 _c21734
_d21734